| 000 | 01055nam0a2200325 4500 | ||
|---|---|---|---|
| 001 | RU\NLR\bibl\953916 | ||
| 005 | 20260406152352.0 | ||
| 010 |
_a5-17-012593-3 _bАСТ |
||
| 010 |
_a5-9713-1955-8 _bАСТ МОСКВА |
||
| 010 |
_a5-9578-0681-1 _bТранзиткнига _95000 |
||
| 021 |
_aRU _b2006-20635 _91034 |
||
| 035 | _a(NLR Aleph) 000941998 | ||
| 090 |
_a225728 _c225728 |
||
| 100 | _a20060526d2006 |||y0rusy50 ca | ||
| 101 | 1 |
_arus _ceng |
|
| 102 | _aRU | ||
| 105 | _ay ||||||||| | ||
| 200 | 1 |
_aНочь для любви _eроман _fМэри Бэлоу _g[пер. с англ. Г.П. Байковой] |
|
| 210 |
_aМосква _cАСТ [и др.] _d2006 |
||
| 215 |
_a316, [1] с. _d17 |
||
| 225 | 1 | _aОчарование | |
| 225 | 1 | _aМини Шарм | |
| 686 | _aШ6(7К)167-440.4{Лх1960-18} | ||
| 700 | 1 |
_4070 _8rus _7ca _aБэлоу _bМ. _f1944- _gМэри _3RU\NLR\AUTH\775928 _9115885 |
|
| 801 | 0 |
_aRU _bNLR _c20060526 _grcr |
|
| 801 | 1 |
_aRU _bNLR _c20060526 |
|
| 942 | _cBOOK | ||
| 980 | _aNB | ||